| 000 | 00596naa a2200193 4500 | ||
|---|---|---|---|
| 001 | 167781 | ||
| 003 | ES-MaBCM | ||
| 005 | 20241016191353.0 | ||
| 008 | 090428s2009 fra|r0p 0 ||fre d | ||
| 021 | _axx | ||
| 035 | _a(OCoLC)1365223111 | ||
| 040 | _cES-MaBCM | ||
| 245 | 0 | 0 | _aReprise d'emplois privés par le secteur public |
| 520 | 3 | _aDossier sobre el tema | |
| 650 | 7 |
_aRelación sector público privado _960085 |
|
| 651 | 4 |
_aFrancia _9115364 |
|
| 773 | 0 |
_aEn: _tLes cahiers de la fonction publique et de l'administration _dParis _w104646 _gN. 285 (janv. 2009), p. 7-13 |
|
| 942 | _cAREV | ||
| 999 |
_c167781 _d167781 |
||